Представление документа в формате MARC21

Поле Инд. ПП Название Значение
Тип записи a
Библиографический уровень m
001 Контрольный номер UNIDUBNAf100eaf2a487449d92b1950ecc16805b
005 Дата корректировки 20260528145322.0
008 Кодируемые данные 20260522
022 0_ a ISSN 0130-791Х
084 a Индекс другой классификации/Индекс ББК 84(2=411.2)6
084 a Индекс другой классификации/Индекс ББК 83.3(2=411.2)6
084 a Индекс другой классификации/Индекс ББК 86.37
090 a Полочн. индекс 95.2
099 a Индекс 42414
245 10 a Заглавие Нева
n Номер части/ раздела №4/2026
c Ответственность учредитель: ООО "Журнал "Нева""; гл. ред. А. М. Мелихов
260 c Дата издания 2026
b Издательство Нева
a Место издания Санкт-Петербург
300 a Объем 256 с.
500 a Примечание Журнал
505 0_ a Форматированное содержание Дорога на Турухтанные острова
b Автор Полянская Е. В.
n Доп. информация Стихи
505 0_ a Форматированное содержание Помощник
b Автор Косолапкина Н. С.
b Автор Макаренко Е. В.
n Доп. информация Повесть
505 0_ a Форматированное содержание Ветреницы
b Автор Неклюдов А.
n Доп. информация Рассказ
505 0_ a Форматированное содержание Стихи
b Автор Ващаев О. А.
505 0_ a Форматированное содержание Виртуалы
b Автор Манович Л.
n Доп. информация Рассказ
505 0_ a Форматированное содержание Шляпа
b Автор Манович Л.
n Доп. информация Рассказ
505 0_ a Форматированное содержание Дом на краю села
b Автор Осипова Н.
n Доп. информация Рассказ
505 0_ a Форматированное содержание Лет до ста!
b Автор Николаенко С.
n Доп. информация Рассказ
505 0_ a Форматированное содержание Славик, человек у окна
b Автор Сутырин В. А.
n Доп. информация Рассказ
505 0_ a Форматированное содержание Перед стихом я падал ниц
b Автор Зайцев О. Н.
n Доп. информация Стихи
505 0_ a Форматированное содержание Обрывки-любовь
b Автор Куницын В. Г.
n Доп. информация Притча
505 0_ a Форматированное содержание Валентин, кстати
b Автор Шмитке Э.
n Доп. информация Рассказ
505 0_ a Форматированное содержание Дождик
b Автор Шмитке Э.
n Доп. информация Рассказ
505 0_ a Форматированное содержание О том, почему у человека, любезного Богу, душа важнее разума
b Автор Шмитке Э.
n Доп. информация Рассказ
505 0_ a Форматированное содержание Молочные зубы
b Автор Бузулукский А.
n Доп. информация Стихотворения в прозе
505 0_ a Форматированное содержание Стихи
b Автор Эрастов Е. Р.
505 0_ a Форматированное содержание Абсолют
b Автор Трофимов А. И.
n Доп. информация Рассказ
505 0_ a Форматированное содержание Стихи
b Автор Скотневский Б. А.
505 0_ a Форматированное содержание Ура! Котя едет на поезде
b Автор Щелкунова С. А.
n Доп. информация Повесть
505 0_ a Форматированное содержание Хватит копаться, Витя!
b Автор Голубева А.
n Доп. информация Рассказ
505 0_ a Форматированное содержание Неудобный Петя Филимонов
b Автор Голубева А.
n Доп. информация Рассказ
505 0_ a Форматированное содержание Последняя капля
b Автор Мелихов А. М.
505 0_ a Форматированное содержание "Кристмас в Лондоне" (1942)
b Автор Долгопят Е.
n Доп. информация Заметки фронтового оператора В. В. Микоши (1909 - 2004)
505 0_ a Форматированное содержание Голливуд весной 1943 года
b Автор Долгопят Е.
505 0_ a Форматированное содержание Город. Люди. Жизнь
b Автор Калмыкова В. В.
n Доп. информация В который раз: Петербург Осипа Мандельштама
505 0_ a Форматированное содержание Святой Франциск Ассизский и Россия
b Автор Августин, архимандрит (Никитин Д. Е.)
n Доп. информация Часть 1. К 800-летию со дня кончины Франциска Ассизского
600 14 a Персоналии Мандельштам Осип Эмильевич
a Персоналии Франциск Ассизский
650 04 a Основная рубрика художественная литература; литературоведение
653 0_ a Ключевые слова 1942 год
a Ключевые слова 1943 год
a Ключевые слова XX век
a Ключевые слова XXI век
a Ключевые слова детская литература
a Ключевые слова Россия
a Ключевые слова русская литература
a Ключевые слова русская литературная критика
a Ключевые слова русская поэзия
a Ключевые слова Санкт-Петербург
a Ключевые слова США
a Ключевые слова христианство
655 a Жанр/ форма (устаревшее) заметки
a Жанр/ форма (устаревшее) повесть
a Жанр/ форма (устаревшее) поэзия
a Жанр/ форма (устаревшее) притча
a Жанр/ форма (устаревшее) проза
a Жанр/ форма (устаревшее) публицистика
a Жанр/ форма (устаревшее) рассказ
a Жанр/ форма (устаревшее) стихотворение
a Жанр/ форма (устаревшее) стихотворение в прозе
700 12 a Автор Полянская Е. В.
q Полное имя Полянская Екатерина Владимировна
700 12 a Автор Косолапкина Н. С.
q Полное имя Косолапкина Надежда Сергеевна
700 12 a Автор Макаренко Е. В.
q Полное имя Макаренко Елена Викторовна
700 12 a Автор Неклюдов А.
q Полное имя Неклюдов Андрей
700 12 a Автор Ващаев О. А.
q Полное имя Ващаев Олег Александрович
700 12 a Автор Манович Л.
q Полное имя Манович Лера
700 12 a Автор Осипова Н.
q Полное имя Осипова Наталья
700 12 a Автор Николаенко С.
q Полное имя Николаенко Саша
700 12 a Автор Сутырин В. А.
q Полное имя Сутырин Владимир Алексеевич
700 12 a Автор Зайцев О. Н.
q Полное имя Зайцев Олег Николаевич
700 12 a Автор Куницын В. Г.
q Полное имя Куницын Владимир Георгиевич
700 12 a Автор Шмитке Э.
q Полное имя Шмитке Эрик
700 12 a Автор Бузулукский А.
q Полное имя Бузулукский Анатолий
700 12 a Автор Чигрин Е.
e Роль лиц автор предисловия
q Полное имя Чигрин Евгений
700 12 a Автор Эрастов Е. Р.
q Полное имя Эрастов Евгений Ростиславович
700 12 a Автор Попов Е.
e Роль лиц автор предисловия
q Полное имя Попов Евгений
700 12 a Автор Трофимов А. И.
q Полное имя Трофимов Анатолий Игоревич
700 12 a Автор Каминский Е.
e Роль лиц автор предисловия
q Полное имя Каминский Евгений
700 12 a Автор Скотневский Б. А.
q Полное имя Скотневский Борис Абрамович
700 12 a Автор Щелкунова С. А.
q Полное имя Щелкунова Светлана Анатольевна
700 12 a Автор Голубева А.
q Полное имя Голубева Айна
700 12 a Автор Мелихов А. М.
q Полное имя Мелихов Александр Мотелевич
700 12 a Автор Долгопят Е.
q Полное имя Долгопят Елена
700 12 a Автор Калмыкова В. В.
q Полное имя Калмыкова Вера Владимировна
700 12 a Автор Августин, архимандрит (Никитин Д. Е.)
773 18 w Контрольный № источника RU/IS/BASE/409860845
900 a Имя электронного ресурса obl_neva_4_2026
x Справочная информация Обложка
901 t Тип документа s
952 a Тип литературы для КСУ ВШ ЛХЖ
991 s 6